La entrevista exitosa (Registro nro. 157)
[ vista simple ]
| 000 -LEADER | |
|---|---|
| fixed length control field | 01474 a2200229 4500 |
| 001 - CONTROL NUMBER | |
| control field | 242 |
| 005 - DATE AND TIME OF LATEST TRANSACTION | |
| control field | 20260407155416.0 |
| 008 - FIXED-LENGTH DATA ELEMENTS--GENERAL INFORMATION | |
| fixed length control field | 260407a2005 arg spa d |
| 003 - CONTROL NUMBER IDENTIFIER | |
| control field | AR-UNSa-BCEJYS |
| 040 ## - CATALOGING SOURCE | |
| Original cataloging agency | AR-UNSa-BCEJYS |
| Language of cataloging | spa |
| Transcribing agency | AR-UNSa-BCEJYS |
| 080 ## - UNIVERSAL DECIMAL CLASSIFICATION NUMBER | |
| Universal Decimal Classification number | 658.3 |
| Common auxiliary subdivision | Personal. Relaciones humanas en la empresa (Recursos Humanos) |
| 020 ## - INTERNATIONAL STANDARD BOOK NUMBER | |
| International Standard Book Number | 978-950-641-442-9 |
| 100 1# - MAIN ENTRY--PERSONAL NAME | |
| Personal name | Alles, Martha Alicia |
| 245 10 - TITLE STATEMENT | |
| Title | La entrevista exitosa |
| Name of part/section of a work | 100 preguntas y cómo responderlas |
| 250 ## - EDITION STATEMENT | |
| Edition statement | 1a. ed |
| 264 #1 - PRODUCTION, PUBLICATION, DISTRIBUTION, MANUFACTURE, AND COPYRIGHT NOTICE | |
| Place of production, publication, distribution, manufacture | Buenos Aires : |
| Name of producer, publisher, distributor, manufacturer | Granica |
| Date of production, publication, distribution, manufacture, or copyright notice | 2005 |
| 300 ## - PHYSICAL DESCRIPTION | |
| Extent | 102 p. |
| Dimensions | 18 cm |
| 505 ## - FORMATTED CONTENTS NOTE | |
| Formatted contents note | 1. Vestido para triunfar - 2. La preparación previa - 3. Preguntas sobre datos personales y familiares - 4. Preguntas sobre nivel educacional - 5. Preguntas sobre personalidad - 6. Preguntas destinadas a conocer su iniciativa y creatividad 7. Preguntas sobre experiencia y formación - 8. Preguntas sobre habilidades gerenciales - 9. Preguntas para conocer si usted es la persona adecuada para el puesto - 10. Preguntas sobre investigación acerca del puesto - 11. Preguntas sobre salario - 12. Preguntas sobre sus objetivos profesionales - 13. Preguntas sobre sus intereses personales - 14. Preguntas que usted puede hacer al entrevistador - 15. El cierre: la importancia de la última impresón |
| 590 ## - LOCAL NOTE (RLIN) | |
| Local note | niveau_biblio:m niveau_hierar:0 |
| 856 41 - ELECTRONIC LOCATION AND ACCESS | |
| Uniform Resource Identifier | <a href="https://biblioeco.unsa.edu.ar/pmb/images/libros/La entrvista social exitosa-l117540.jpg">https://biblioeco.unsa.edu.ar/pmb/images/libros/La entrvista social exitosa-l117540.jpg</a> |
| Link text | Imagen de portada |
| Electronic format type | image/jpeg |
| 942 ## - ADDED ENTRY ELEMENTS (KOHA) | |
| Koha item type | |
| Withdrawn status | Lost status | Damaged status | Not for loan | Home library | Current library | Shelving location | Date acquired | Total checkouts | Full call number | Barcode | Date last seen | Price effective from | Koha item type |
|---|---|---|---|---|---|---|---|---|---|---|---|---|---|
| Biblioteca Prof. Eusebio Cleto del Rey | Biblioteca Prof. Eusebio Cleto del Rey | 07/04/2026 | 658.3 A422n | L117540 | 07/04/2026 | 07/04/2026 | Libro | ||||||
| Biblioteca Prof. Eusebio Cleto del Rey | Biblioteca Prof. Eusebio Cleto del Rey | 07/04/2026 | 658.3 A422n | L117541 | 07/04/2026 | 07/04/2026 | Libro |